Variability for seedling growth characters and correlations in guayule (Record no. 72078)

MARC details
000 -LEADER
fixed length control field 00421nam a2200157Ia 4500
100 ## - MAIN ENTRY--AUTHOR NAME
Personal name Kuruvadi S
245 #0 - TITLE STATEMENT
Title Variability for seedling growth characters and correlations in guayule
260 ## - PUBLICATION, DISTRIBUTION, ETC. (IMPRINT)
Name of publisher Bioresource technology
Year of publication 1991
300 ## - PHYSICAL DESCRIPTION
Number of Pages 153-156
500 ## - GENERAL NOTE
General note Source Year: 1992
650 ## - SUBJECT ADDED ENTRY--TOPICAL TERM
Topical Term Guayule
700 ## - ADDED ENTRY--PERSONAL NAME
Personal name rodriguez D J De
856 ## - ELECTRONIC LOCATION AND ACCESS
Uniform Resource Identifier PBA
942 ## - ADDED ENTRY ELEMENTS (KOHA)
Koha item type Journals
Holdings
Withdrawn status Lost status Damaged status Not for loan Home library Current library Date acquired Serial Enumeration / chronology Koha item type
      Journals RRII Library RRII Library 17/12/2021 Volume 35, Issue 2 Journals